| 000 | 00542nam a2200169 i 4500 | ||
|---|---|---|---|
| 001 | 55923 | ||
| 003 | ES-MaACL | ||
| 005 | 20230906163240.0 | ||
| 007 | t| | ||
| 008 | 030930s1946 sp ||||1| spa d | ||
| 100 | 1 |
_aDíaz Cruz, Mario. _944209 |
|
| 245 | 1 | 3 |
_aLa cláusula "Rebus sic. Stantibus" en el derecho privado / _cMario Díaz Cruz. |
| 260 |
_aMadrid : _bReus, _c1946. |
||
| 300 |
_a26 p. ; _c25 cm. |
||
| 500 | _aEs separata de: Revista General de Legislación y Jurisprudencia. Mayo 1946. | ||
| 852 |
_aES-MaACL _j1860-F-25 _bR.23551 |
||
| 999 |
_c55923 _d55923 |
||